[Event "Ruhrgebiet Verbandsliga Gruppe 2 1617"]
[Site "Germany"]
[Date "2017.03.12"]
[Round "8.8"]
[White "Schettki, Martin"]
[Black "Happel, Juergen"]
[Result "0-1"]
[WhiteElo "1874"]
[BlackElo "1646"]
[PlyCount "60"]
[EventDate "2016.09.04"]
[EventType "team-tourn"]
[EventRounds "9"]
[EventCountry "GER"]
[SourceTitle "EXT 2022"]
[Source "ChessBase"]
[SourceDate "2021.10.06"]
[SourceVersion "1"]
[SourceVersionDate "2021.10.06"]
[SourceQuality "1"]
[WhiteTeam "Essen Listiger Bauer"]
[BlackTeam "Hamm Koenigsspringer"]
[WhiteTeamCountry "GER"]
[BlackTeamCountry "GER"]

1. Nf3 c6 2. g3 d5 3. Bg2 Nf6 4. 0-0 Bf5 5. d3 e6 6. c4 Nbd7 7. Be3 Be7 8. Qb3 Qb8 9. cxd5 exd5 10. Bf4 Qc8 11. Rc1 0-0 12. Nc3 Nc5 13. Qd1 Qd8 14. Nd4 Bg6 15. b4 Ne6 16. Nxe6 fxe6 17. a3 Nd7 18. Na4 e5 19. Bd2 Bg5 20. Nc5 Nxc5 21. Rxc5 Bxd2 22. Qxd2 Qf6 23. e3 Rac8 24. Rac1 Bf5 25. b5 Bd7 26. bxc6 bxc6 27. R5c2 Rb8 28. Qa5 Qd6 29. Qa6 Rb3 30. Bxd5+ Qxd5 0-1

[Event "Ruhrgebiet Verbandsliga Gruppe 2 1617"]
[Site "Germany"]
[Date "2016.12.18"]
[Round "5.8"]
[White "Stachnik, Adam"]
[Black "Schettki, Martin"]
[Result "1/2-1/2"]
[WhiteElo "1785"]
[BlackElo "1867"]
[PlyCount "74"]
[EventDate "2016.09.04"]
[EventType "team-tourn"]
[EventRounds "9"]
[EventCountry "GER"]
[SourceTitle "EXT 2022"]
[Source "ChessBase"]
[SourceDate "2021.10.06"]
[SourceVersion "1"]
[SourceVersionDate "2021.10.06"]
[SourceQuality "1"]
[WhiteTeam "Bochum SG III"]
[BlackTeam "Essen Listiger Bauer"]
[WhiteTeamCountry "GER"]
[BlackTeamCountry "GER"]

1. e4 g6 2. d4 Nf6 3. Nd2 d6 4. Bc4 Bg7 5. Ne2 c6 6. 0-0 b5 7. Bb3 e5 8. c3 0-0 9. a4 a6 10. axb5 cxb5 11. d5 Nbd7 12. Ng3 Nc5 13. Qe2 h5 14. Bc2 h4 15. Nh1 Nh5 16. Nb3 Na4 17. Bd3 Bd7 18. f3 f5 19. Nf2 f4 20. Nd1 Ng3 21. Qe1 Nxf1 22. Qxf1 Qg5 23. Bd2 Bf6 24. Be1 Bd8 25. c4 h3 26. g4 fxg3 27. hxg3 Bb6+ 28. Kh2 Qf6 29. Nd2 Bd4 30. Ra2 Nb6 31. cxb5 axb5 32. Rxa8 Rxa8 33. Bxb5 Ra1 34. Be2 Na4 35. Nb3 Ra2 36. Nc1 Ra1 37. Nb3 Ra2 1/2-1/2

[Event "Ruhrgebiet Verbandsklasse Gruppe 1 1516"]
[Site "Germany"]
[Date "2016.01.24"]
[Round "6.5"]
[White "Wallhof, Dieter"]
[Black "Schettki, Martin"]
[Result "1-0"]
[WhiteElo "1821"]
[BlackElo "1896"]
[PlyCount "83"]
[EventDate "2015.09.06"]
[EventType "team-tourn"]
[EventRounds "9"]
[EventCountry "GER"]
[SourceTitle "EXT 2022"]
[Source "ChessBase"]
[SourceDate "2021.10.06"]
[SourceVersion "1"]
[SourceVersionDate "2021.10.06"]
[SourceQuality "1"]
[WhiteTeam "Welper SV II"]
[BlackTeam "Essen Listiger Bauer"]
[WhiteTeamCountry "GER"]
[BlackTeamCountry "GER"]

1. d4 g6 2. c4 Bg7 3. Nc3 d6 4. e4 e5 5. Nf3 exd4 6. Nxd4 Nc6 7. Be3 Nge7 8. Be2 0-0 9. Qd2 f5 10. Nxc6 Nxc6 11. exf5 Bxf5 12. 0-0 Be6 13. Nd5 Ne5 14. Bg5 Qd7 15. Rac1 Qf7 16. b3 Nc6 17. Be3 a5 18. Nf4 Bd7 19. Bf3 Kh8 20. Bd5 Qf6 21. Ne2 Rfe8 22. Ng3 a4 23. Ne4 Qh4 24. Ng5 Bf6 25. g3 Qh5 26. Nf7+ Kg7 27. Bh6+ Kg8 28. Nxd6+ Be6 29. Nxe8 Rxe8 30. Bf4 Nd4 31. Bg2 Bh3 32. Rfe1 Re2 33. Rxe2 Nxe2+ 34. Kf1 Qf3 35. Bxh3 Nxc1 36. Qxc1 axb3 37. axb3 Qh1+ 38. Ke2 Qe4+ 39. Be3 b5 40. f3 Qb7 41. Be6+ Kg7 42. Qd2 1-0

[Event "Ruhrgebiet Verbandsklasse Gruppe 1 1516"]
[Site "Germany"]
[Date "2015.09.06"]
[Round "1.5"]
[White "Kalkhoff, Andreas"]
[Black "Schettki, Martin"]
[Result "1-0"]
[WhiteElo "1777"]
[BlackElo "1903"]
[PlyCount "135"]
[EventDate "2015.09.06"]
[EventType "team-tourn"]
[EventRounds "9"]
[EventCountry "GER"]
[SourceTitle "EXT 2022"]
[Source "ChessBase"]
[SourceDate "2021.10.06"]
[SourceVersion "1"]
[SourceVersionDate "2021.10.06"]
[SourceQuality "1"]
[WhiteTeam "Borbeck Weisse Dame II"]
[BlackTeam "Essen Listiger Bauer"]
[WhiteTeamCountry "GER"]
[BlackTeamCountry "GER"]

1. d4 d5 2. Nf3 Nf6 3. Bg5 Ne4 4. Bf4 c5 5. c3 Qb6 6. Qb3 c4 7. Qxb6 axb6 8. Nbd2 Nc6 9. Nxe4 dxe4 10. Nd2 b5 11. Nxe4 b4 12. d5 Na5 13. Rd1 bxc3 14. Nxc3 Bd7 15. g3 g6 16. Be5 f6 17. Bd4 Bg7 18. Bg2 0-0 19. 0-0 Ra6 20. e4 b5 21. Bc5 Re8 22. Rfe1 Nb7 23. Bb4 Nd6 24. f4 Nc8 25. Bc5 Nb6 26. a3 Bf8 27. e5 fxe5 28. fxe5 Bg4 29. Rd4 Nd7 30. Rxg4 Nxc5 31. Nxb5 Rb8 32. Nc7 Ra7 33. d6 Nd3 34. Bd5+ Kh8 35. Re2 exd6 36. Rxc4 dxe5 37. Ne6 Bd6 38. Rc6 Be7 39. Rec2 h6 40. Rc8+ Rxc8 41. Rxc8+ Kh7 42. Rb8 h5 43. Be4 Nc5 44. Nxc5 Bxc5+ 45. Kg2 Kg7 46. b4 Bd4 47. Rb7+ Rxb7 48. Bxb7 Kf6 49. Kf3 g5 50. h3 Ke6 51. Ke4 Bf2 52. g4 hxg4 53. hxg4 Kd6 54. Kd3 Kc7 55. Be4 Kb6 56. Kc4 Be3 57. a4 Bf2 58. a5+ Ka6 59. Kb3 Kb5 60. Bd3+ Kc6 61. Kc4 Be1 62. Be4+ Kc7 63. Kb5 Kb8 64. Kb6 Bf2+ 65. Ka6 Be3 66. b5 Kc7 67. b6+ Kc8 68. Kb5 1-0

[Event "Ruhrgebiet Verbandsliga1 1213"]
[Site "Nordrheinwestfalen"]
[Date "2013.04.28"]
[Round "9"]
[White "Schettki, Martin"]
[Black "Dukic, Dalibor"]
[Result "1/2-1/2"]
[WhiteElo "1847"]
[BlackElo "1985"]
[PlyCount "30"]
[EventDate "2012.09.02"]
[EventType "team-tourn"]
[EventRounds "9"]
[EventCountry "GER"]
[SourceTitle "EXT 2020"]
[Source "ChessBase"]
[SourceDate "2019.10.17"]
[SourceVersion "1"]
[SourceVersionDate "2019.10.17"]
[SourceQuality "1"]
[WhiteTeam "Oberhausen SV III"]
[BlackTeam "Hamm SVg"]
[WhiteTeamCountry "GER"]
[BlackTeamCountry "GER"]

1. d4 d6 2. e4 Nd7 3. f4 e5 4. Nf3 Qe7 5. Nc3 c6 6. Be3 Ngf6 7. Be2 exf4 8. Bxf4 Nxe4 9. Nxe4 Qxe4 10. Qd2 h6 11. 0-0-0 g5 12. Bg3 Qg6 13. Bd3 f5 14. Rhf1 Nf6 15. Rde1+ Kf7 1/2-1/2

[Event "Ruhrgebiet VK3 1112"]
[Site "Nordrheinwestfalen"]
[Date "2012.04.22"]
[Round "9.2"]
[White "Schettki, Martin"]
[Black "Ganzer, Uwe"]
[Result "0-1"]
[WhiteElo "1895"]
[BlackElo "2079"]
[PlyCount "114"]
[EventDate "2012.09.18"]
[EventType "team-tourn"]
[EventRounds "9"]
[EventCountry "GER"]
[SourceTitle "EXT 2020"]
[Source "ChessBase"]
[SourceDate "2019.10.17"]
[SourceVersion "1"]
[SourceVersionDate "2019.10.17"]
[SourceQuality "1"]
[WhiteTeam "Germania Kupferdreh"]
[BlackTeam "Dortmund SV"]
[WhiteTeamCountry "GER"]
[BlackTeamCountry "GER"]

1. d4 Nf6 2. c4 e6 3. Nc3 d5 4. cxd5 exd5 5. Bg5 Be7 6. e3 0-0 7. Bd3 Nbd7 8. Qc2 b6 9. Nge2 Bb7 10. f3 c5 11. dxc5 bxc5 12. 0-0 g6 13. Ng3 Kg7 14. e4 c4 15. Be2 d4 16. Bxc4 dxc3 17. Qxc3 Rc8 18. Rfd1 Qc7 19. b3 Bd6 20. Qd2 Bxg3 21. Bh6+ Kg8 22. hxg3 Rfd8 23. Qf2 Nb6 24. Qb2 Nxc4 25. Qxf6 Qb6+ 26. Qxb6 Nxb6 27. Rxd8+ Rxd8 28. Rc1 f6 29. Be3 Rd7 30. g4 Kf7 31. Kf2 Nc8 32. b4 a6 33. a4 Nd6 34. Rc2 Ke6 35. Ke2 Nf7 36. Rc5 Ne5 37. b5 axb5 38. axb5 Kd6 39. Rc1 Rc7 40. Rd1+ Ke7 41. Rd2 Rc3 42. Bd4 Rb3 43. g5 Rxb5 44. gxf6+ Ke6 45. f4 Nd7 46. e5 Bxg2 47. Bc3 Bd5 48. Rd1 Rb3 49. Kd3 Nc5+ 50. Kd4 Ne4 51. Be1 Rf3 52. f7 Rxf4 53. Ra1 Nd6+ 54. Kc5 Kxe5 55. Bc3+ Ke6 56. Re1+ Ne4+ 57. Rxe4+ Bxe4 0-1

[Event "Ruhrgebiet VK3 1112"]
[Site "Nordrheinwestfalen"]
[Date "2012.01.08"]
[Round "5.2"]
[White "Schettki, Martin"]
[Black "Buechle, Manfred"]
[Result "1-0"]
[WhiteElo "1895"]
[BlackElo "1856"]
[PlyCount "123"]
[EventDate "2012.09.18"]
[EventType "team-tourn"]
[EventRounds "9"]
[EventCountry "GER"]
[SourceTitle "EXT 2020"]
[Source "ChessBase"]
[SourceDate "2019.10.17"]
[SourceVersion "1"]
[SourceVersionDate "2019.10.17"]
[SourceQuality "1"]
[WhiteTeam "Germania Kupferdreh"]
[BlackTeam "Eichlinghofen SV II"]
[WhiteTeamCountry "GER"]
[BlackTeamCountry "GER"]

1. d4 d5 2. c4 e6 3. Nc3 Nf6 4. cxd5 exd5 5. Bg5 Be7 6. e3 0-0 7. Bd3 h6 8. Bh4 c6 9. Qc2 Re8 10. Nge2 Bg4 11. f3 Bc8 12. 0-0 c5 13. Rad1 c4 14. Bf5 Nc6 15. a3 Be6 16. Rfe1 Qd7 17. Bxe6 fxe6 18. Bf2 a6 19. e4 b5 20. Nf4 b4 21. axb4 Bxb4 22. Re2 Qf7 23. exd5 exd5 24. Rxe8+ Rxe8 25. Qa4 Bxc3 26. bxc3 Qb7 27. Ra1 Qb2 28. Rf1 Qb5 29. Qc2 Qb3 30. Qg6 Ne7 31. Qg3 Qxc3 32. Ne6 Nf5 33. Qg6 Rxe6 34. Qxf5 Re8 35. g4 Kf7 36. h4 g6 37. Qf4 Kg7 38. Qc7+ Kg8 39. Rb1 Qxf3 40. Rb7 Qxg4+ 41. Kh2 Nd7 42. Qxd7 Qxd7 43. Rxd7 Re2 44. Kg3 c3 45. Rxd5 c2 46. Rc5 Kf7 47. Kf3 Re6 48. Rxc2 g5 49. hxg5 hxg5 50. Be3 Rg6 51. Kg4 Re6 52. Rf2+ Kg6 53. Bxg5 a5 54. Bd2 a4 55. Bb4 Re3 56. Bc5 Re4+ 57. Kf3 Re6 58. Ra2 Ra6 59. Ke4 Kf6 60. Kd5 Kf7 61. Kc4 Ke6 62. Kb5 1-0

[Event "Ruhrgebiet VK2 0708"]
[Site "Germany"]
[Date "2008.02.03"]
[Round "6.7"]
[White "Hintz, Bastian"]
[Black "Schettki, Martin"]
[Result "1-0"]
[WhiteElo "1945"]
[BlackElo "1755"]
[PlyCount "103"]
[EventDate "2007.09.16"]
[EventType "team"]
[EventRounds "9"]
[EventCountry "GER"]
[SourceTitle "EXT 2009"]
[Source "ChessBase"]
[SourceDate "2008.11.26"]
[SourceVersion "1"]
[SourceVersionDate "2008.11.26"]
[SourceQuality "1"]
[WhiteTeam "Dortmund Hansa III"]
[BlackTeam "Listiger Bauer"]
[WhiteTeamCountry "GER"]
[BlackTeamCountry "GER"]

1. e4 e5 2. Nf3 d6 3. Bc4 Be7 4. d4 exd4 5. Nxd4 Nf6 6. Nc3 0-0 7. 0-0 a6 8. a4 Nc6 9. Nxc6 bxc6 10. Bf4 Nd7 11. Ne2 Bf6 12. c3 Rb8 13. Qc2 Re8 14. Nd4 Bb7 15. Rae1 g6 16. Bg3 c5 17. Nf3 Nb6 18. Ba2 a5 19. h4 Qd7 20. h5 c4 21. hxg6 hxg6 22. Nd4 Qxa4 23. b3 Qd7 24. bxc4 Qg4 25. Qd2 Bxe4 26. f3 Qxg3 27. fxe4 Bg5 28. Qe2 Bf4 29. Rf3 Qh2+ 30. Kf1 Na4 31. Rh3 Rb2 32. Qf3 Qxg2+ 33. Qxg2 Rxg2 34. Kxg2 Bd2 35. Re2 Bxc3 36. Bb3 Bxd4 37. Bxa4 Re5 38. Rd3 Bc5 39. Rd5 Re7 40. Kf3 Bb4 41. Bc6 f6 42. Rb5 Rh7 43. Bd5+ Kf8 44. Rg2 g5 45. Kg4 Bc3 46. Rc2 Bb4 47. Kf5 Ke7 48. Rb7 Kd8 49. Kxf6 g4 50. Rg2 Bc3+ 51. Kf5 a4 52. Ra7 1-0

[Event "Ruhrgebiet VK1 0405"]
[Site "Ruhrgebiet"]
[Date "2005.03.13"]
[Round "8.8"]
[White "Schettki, Martin"]
[Black "Erkelenz, Ralf"]
[Result "0-1"]
[WhiteElo "1778"]
[BlackElo "1963"]
[PlyCount "60"]
[EventDate "2004.09.12"]
[EventType "team"]
[EventRounds "9"]
[EventCountry "GER"]
[SourceTitle "EXT 2006"]
[Source "ChessBase"]
[SourceDate "2005.11.24"]
[SourceVersion "1"]
[SourceVersionDate "2005.11.24"]
[SourceQuality "1"]
[WhiteTeam "Essen West II"]
[BlackTeam "Dortmund 1926"]
[WhiteTeamCountry "GER"]
[BlackTeamCountry "GER"]

1. e4 d6 2. d4 Nf6 3. Nc3 g6 4. f4 Bg7 5. Nf3 0-0 6. Be2 b6 7. 0-0 Bb7 8. e5 Ne8 9. Be3 e6 10. g4 f6 11. Bc4 d5 12. Bd3 Ba6 13. Bxa6 Nxa6 14. f5 exf5 15. gxf5 g5 16. Qe2 Nb8 17. exf6 Bxf6 18. Rf2 Kh8 19. Rg2 Rg8 20. Qd2 c6 21. Nxg5 Nd6 22. Ne6 Qe7 23. Rxg8+ Kxg8 24. Qg2+ Kh8 25. Qf2 Nd7 26. Re1 Bh4 27. Qf1 Rg8+ 28. Kh1 Bxe1 29. Qxe1 Nxf5 30. Bf4 Ng7 0-1

[Event "Ruhrgebiet VK1 0405"]
[Site "Ruhrgebiet"]
[Date "2005.01.09"]
[Round "5.7"]
[White "Schettki, Martin"]
[Black "Rethage, Steffen"]
[Result "1/2-1/2"]
[WhiteElo "1778"]
[BlackElo "1791"]
[PlyCount "71"]
[EventDate "2004.09.12"]
[EventType "team"]
[EventRounds "9"]
[EventCountry "GER"]
[SourceTitle "EXT 2006"]
[Source "ChessBase"]
[SourceDate "2005.11.24"]
[SourceVersion "1"]
[SourceVersionDate "2005.11.24"]
[SourceQuality "1"]
[WhiteTeam "Essen West II"]
[BlackTeam "Bochum-Linden"]
[WhiteTeamCountry "GER"]
[BlackTeamCountry "GER"]

1. e4 c6 2. d4 d5 3. exd5 cxd5 4. Bd3 Nf6 5. c3 Nc6 6. Bf4 Qb6 7. Qb3 Qxb3 8. axb3 Bd7 9. b4 e6 10. Nf3 Nh5 11. Be3 Bd6 12. b5 Ne7 13. b3 Nf4 14. Bf1 Nf5 15. Bd2 0-0 16. Ne5 Bxe5 17. dxe5 Ng6 18. f4 Rfd8 19. g4 Nfh4 20. Be3 a6 21. bxa6 bxa6 22. Rxa6 Rxa6 23. Bxa6 Ng2+ 24. Kf2 Ra8 25. Bd3 Ra2+ 26. Nd2 N2xf4 27. Bb1 Rb2 28. Kg3 Ne2+ 29. Kf3 d4 30. cxd4 Nxd4+ 31. Bxd4 Rxd2 32. Ke3 Rg2 33. Rc1 Ne7 34. Be4 Nd5+ 35. Bxd5 exd5 36. b4 1/2-1/2

[Event "Ruhrgebiet VK1 0001"]
[Site "Ruhrgebiet"]
[Date "2001.04.22"]
[Round "8"]
[White "Boost, Juergen"]
[Black "Schettki, Martin"]
[Result "1/2-1/2"]
[WhiteElo "1933"]
[BlackElo "1729"]
[PlyCount "79"]
[EventDate "2000.09.17"]
[EventType "team-tourn"]
[EventRounds "9"]
[EventCountry "GER"]
[SourceTitle "EXT 2023"]
[Source "ChessBase"]
[SourceDate "2022.10.05"]
[SourceVersion "1"]
[SourceVersionDate "2022.10.05"]
[SourceQuality "1"]
[WhiteTeam "Gerthe"]
[BlackTeam "Essen Listiger Bauer"]
[WhiteTeamCountry "GER"]
[BlackTeamCountry "GER"]

1. e4 Nf6 2. Nc3 e5 3. Nf3 Nc6 4. d4 exd4 5. Nxd4 d5 6. Bb5 Bd7 7. exd5 Nb4 8. 0-0 Nbxd5 9. Nxd5 Nxd5 10. Qe2+ Be7 11. Bg5 0-0 12. Bxe7 Nxe7 13. Rad1 c6 14. Bc4 Ng6 15. Ne6 fxe6 16. Bxe6+ Kh8 17. Bxd7 Qg5 18. Qg4 Qc5 19. c3 Rf4 20. Qg3 Raf8 21. Qe3 Qb5 22. Rd4 Rxd4 23. Qxd4 Nf4 24. Bg4 Qg5 25. Bf3 h5 26. Re1 Rd8 27. Qe3 Rd3 28. Qe8+ Kh7 29. Qe4+ Kh6 30. g3 Nh3+ 31. Kg2 Rd2 32. Kxh3 Rxf2 33. Qf4 Qxf4 34. gxf4 Rxf3+ 35. Kg2 Rxf4 36. Re7 Ra4 37. a3 b6 38. Re6+ Kg5 39. Rxc6 g6 40. Rd6 1/2-1/2

[Event "Ruhrgebiet VK1 0001"]
[Site "Ruhrgebiet"]
[Date "2001.03.18"]
[Round "7"]
[White "Schettki, Martin"]
[Black "Delvos, Thorsten"]
[Result "1-0"]
[WhiteElo "1729"]
[BlackElo "1902"]
[PlyCount "74"]
[EventDate "2000.09.17"]
[EventType "team-tourn"]
[EventRounds "9"]
[EventCountry "GER"]
[SourceTitle "EXT 2023"]
[Source "ChessBase"]
[SourceDate "2022.10.05"]
[SourceVersion "1"]
[SourceVersionDate "2022.10.05"]
[SourceQuality "1"]
[WhiteTeam "Essen Listiger Bauer"]
[BlackTeam "Mengede SG"]
[WhiteTeamCountry "GER"]
[BlackTeamCountry "GER"]

1. e4 g6 2. d4 Bg7 3. Nc3 d6 4. f4 Nf6 5. Nf3 0-0 6. Bd3 c5 7. dxc5 dxc5 8. 0-0 Nc6 9. Be3 Nd4 10. h3 a6 11. a4 Rb8 12. e5 Nd5 13. Nxd5 Qxd5 14. b3 Rd8 15. Bxd4 cxd4 16. Ng5 b5 17. Qe2 f6 18. Nf3 Bd7 19. Rfd1 Bc6 20. axb5 Bxb5 21. Bxb5 Qxb5 22. Qe4 d3 23. cxd3 Qxb3 24. d4 Qd5 25. Qxd5+ Rxd5 26. Rxa6 fxe5 27. fxe5 Rbd8 28. Raa1 Bh6 29. Kf2 Rb8 30. Rab1 Rc8 31. Rb7 Kf7 32. Ra1 Bf4 33. Raa7 Re8 34. Ke2 Bh6 35. Kd3 Bf8 36. Ke4 Red8 37. Ng5+ Kg8 1-0

[Event "Ruhrgebiet VK1 0001"]
[Site "Ruhrgebiet"]
[Date "2001.01.21"]
[Round "5"]
[White "Schettki, Martin"]
[Black "Haenisch, Jens"]
[Result "0-1"]
[WhiteElo "1729"]
[BlackElo "1950"]
[PlyCount "50"]
[EventDate "2000.09.17"]
[EventType "team-tourn"]
[EventRounds "9"]
[EventCountry "GER"]
[SourceTitle "EXT 2023"]
[Source "ChessBase"]
[SourceDate "2022.10.05"]
[SourceVersion "1"]
[SourceVersionDate "2022.10.05"]
[SourceQuality "1"]
[WhiteTeam "Essen Listiger Bauer"]
[BlackTeam "Buer SF"]
[WhiteTeamCountry "GER"]
[BlackTeamCountry "GER"]

1. e4 c5 2. Nf3 e6 3. c4 g6 4. d4 Bg7 5. Nc3 cxd4 6. Nxd4 a6 7. Be3 Ne7 8. Be2 0-0 9. 0-0 Nbc6 10. Nc2 f5 11. f3 fxe4 12. fxe4 Rxf1+ 13. Kxf1 Qc7 14. Kg1 Ne5 15. Qf1 b6 16. Rc1 Bb7 17. Qf2 Nxc4 18. Bxc4 Qxc4 19. Na3 Qb4 20. Bxb6 Bxc3 21. Rxc3 Qxe4 22. Rc7 Bc6 23. Bc5 Rf8 24. Qd2 Qf5 25. Qe2 Qxc5+ 0-1